|
|
|
|
| LEADER |
01371nam a2200325 a 4500 |
| 001 |
75 |
| 003 |
BD-DhAAL |
| 005 |
20150422124636.0 |
| 008 |
150422s1992 caua b 000 0 eng |
| 010 |
|
|
|a 91014382
|
| 020 |
|
|
|a 0803943970 (cl.)
|
| 020 |
|
|
|a 0803943989 (pbk.)
|
| 040 |
|
|
|a DLC
|c DLC
|d DLC
|d BD-DhAA
|
| 050 |
0 |
0 |
|a K328
|b .S46 1992
|
| 082 |
0 |
0 |
|a 344/.0957
|a 342.4957
|2 20
|
| 245 |
0 |
4 |
|a The Sense of justice :
|b biological foundations of law /
|c Roger D. Masters, Margaret Gruter, editors.
|
| 260 |
|
|
|a Newbury Park, Calif. :
|b Sage Publications,
|c c1992.
|
| 300 |
|
|
|a x, 310 p. :
|b ill. ;
|c 23 cm.
|
| 490 |
0 |
|
|a Sage focus editions ;
|v 136
|
| 500 |
|
|
|a "Published in cooperation with the Gruter Institute for Law and Behavioral Research."
|
| 504 |
|
|
|a Includes bibliographical references.
|
| 541 |
|
|
|e 75
|
| 650 |
|
0 |
|a Law and biology.
|9 10615
|
| 650 |
|
0 |
|a Justice.
|9 10616
|
| 700 |
1 |
|
|a Masters, Roger D.
|9 10617
|
| 700 |
1 |
|
|a Gruter, Margaret.
|9 10618
|
| 942 |
|
|
|2 ddc
|c BK
|
| 999 |
|
|
|c 34291
|d 34291
|
| 952 |
|
|
|0 0
|1 0
|2 ddc
|4 0
|6 344_095700000000000_SEN
|7 0
|9 53537
|a SCL
|b SCL
|c GEN
|d 2015-04-22
|e Gift: The Asia Foundation
|l 0
|o 344.0957 SEN
|p 3020000075
|r 2015-04-22
|t 1
|w 2015-04-22
|y BK
|
| 952 |
|
|
|0 0
|1 0
|2 ddc
|4 0
|6 344_095700000000000_SEN
|7 0
|9 53538
|a SCL
|b SCL
|c GEN
|d 2015-04-22
|e Gift: The Asia Foundation
|l 1
|o 344.0957 SEN
|p 3020001522
|r 2022-06-19
|s 2022-06-15
|t 2
|w 2015-04-22
|y BK
|